| 000 | 00600nam a22002057a 4500 | ||
|---|---|---|---|
| 999 |
_c73864 _d73863 |
||
| 003 | URS | ||
| 005 | 20240416180536.0 | ||
| 008 | 230609s2020 a|||| |||| 00| 0 eng d | ||
| 020 | _a9781138667952 | ||
| 040 |
_beng _cURS _erda |
||
| 050 | 0 | 0 |
_aZ 1037 _b.H5546 2020 |
| 100 |
_9623 _aHintz, Carrie |
||
| 245 | 1 | 0 |
_aChildren's literature _cCarrie Hintz |
| 260 |
_aLondon: _bRoutledge Publishing, _c[2020] |
||
| 300 |
_a187 pages _c20 cm. |
||
| 504 | _aIncludes index | ||
| 524 | _aHintz. C.(2020) Chldren's literature. London: Routledge Pub. | ||
| 650 | 0 |
_9624 _aChildren's Literature |
|
| 942 |
_2lcc _cR |
||